=LDR 00000nam 2200000 4500 =001 INLIS000000000047257 =005 20150922121429.0 =006 =007 =008 =020 ##$$a 978-979-29-2680-4 =035 ##$$0010-091500000000087 =040 ##$$a Ind =082 ##$$a 615.321 =090 ##$$a 615.321 $b Nur =100 ##$$a Nurheti, Yuliarti =245 ##$$a 1001 Khasiat Buah =250 ##$$a ed. I =260 ##$$a Yogyakarta $b Andi $c 2011 =300 ##$$a xiv, 170 hlmn $c 18 cm =850 ##$$a NBPDMAT =990 ##$$a 0001/BPAP-NTB/2015